LEADER 01374nam a2200337 u 4500 001 000000031823 003 CaOOAMICUS 005 20070226112201.0 008 971008s1992 it u000 u ita u 020 $a8837214545 035 $a10772003 040 $aPUL(R)$bita 041 1 $aita$hger 100 1 $aSchnider, Franz,$d1937-$0(OLS)http://pul/name/12010 240 10$aJacobusbrief.$pItaliano.$0(OLS)http://pul/title/43796 245 13$aLa lettera di Giacomo /$ctradotta e commentata da Franz Schnider. 260 $aBrescia :$bMorcelliana,$cc1992. 300 $a248 p. ;$c23 cm 490 1 $aIl Nuovo Testamento commentato 500 $aIndici : p. [219]-248. 504 $a"Bibliografia" : p. [213]-218. 630 04$aBiblia.$pN.T.$pIacobi epistola$xCommenti.$0(OLS)http://pul/subject/37540 730 0 $aBiblia.$pN.T.$pIacobi epistola.$lItaliano.$0(OLS)http://pul/title/158628 830 3$aIl Nuovo Testamento commentato.$0(OLS)http://pul/title/43471 850 $aPUL 852 $aPUL$W1$xSL Religione 1$y3$m10 F 39$j43887$nBK-PRI$b $qStampati$B43887$CPULBib$Z2$F43887 $H $81 941 1 $a8 961 $aINV: 68636. 996 $6020$a8837214545$9(OLS)http://pul/number/39967 996 $6245$aLa lettera di Giacomo$9(OLS)http://pul/title/43713 996 $6260$aBrescia :$bMorcelliana$9(OLS)http://pul/publisher/47854 LEADER 01376nam a2200301 a 4500 001 000000122710 003 CaOOAMICUS 005 20100824105705.0 008 100824s1998 it a u000 u ita r 020 $a88-01-01116-4 040 $aPUL$bita$dReb 082 04$a261.5 100 1 $aPoli, Gian Franco,$csac.,$d1948-$0(OLS)http://pul/name/32394 245 13$aLa comunicazione in prospettiva teologica :$briflessioni sugli aspetti comunicativi della fede /$cGian Franco Poli, Marco Cardinali. 260 $aLeumann (To) :$bElle Di Ci,$cİ1998. 300 $a103 p. ;$c21 cm 490 1 $aMass media e religione 504 $aBibliografia p. 97-102.. 650 4$aMass media e religione.$0(OLS)http://pul/subject/19308 700 1 $aCardinali, Marco.$0(OLS)http://pul/name/64200 830 0$aMass media e religione.$0(OLS)http://pul/title/154675 850 $aPUL 852 $aPUL$W1$xDP2 Religione 3$y114$m261. 5 POLGI 1$j140941$qDDC 21$q $B140021$CPULBib$Z2$F140021 $H114713 $81 941 1 $a9 996 $6020$a88-01-01116-4$9(OLS)http://pul/number/145135 996 $6082$a261.5$9(OLS)http://pul/classification/417 996 $6245$aLa comunicazione in prospettiva teologica :$briflessioni sugli aspetti comunicativi della fede$9(OLS)http://pul/title/154677 996 $6260$aLeumann (To) :$bElle Di Ci$9(OLS)http://pul/publisher/61881